01282nac a22003257a 4500001001000000003000900010005001700019008003400036040005400070072001300124090001900137100001800156110007400174245010900248246011500357260003800472300000900510490010600519650002400625650001000649650001300659650001500672650001500687650001200702650001300714909004700727942001700774999001900791952014600810BR8500032BR-BrBNA20240105120224.0230509b bl.|||m| |||| 00| 0 por d aBR-BrBNAbporcBiblioteca Nacional de Agricultura aN20; F27 a4530 BR85000321 aFranz, C.A.B.1 aCentro de Pesquisa Agropecuaria dos Cerrados, Planaltina, DF (Brasil)1 aSulcadores adaptaveis a semeadeiras para implantacao de lavouras irrigadas por sulcos [maquina agricola]1 a[Furrowers adaptable to sowing machines for establishment of furrow irrigated farmings [agricultural machine]]3 aPlanaltina, DF (Brasil): c1984.  a2 p. aPesquisa em Andamento - Centro de Pesquisa Agropecuaria dos Cerrados (Brazil)vno. 16xISSN 0102-2008 aIRRIGACAO POR SULCO aSULCO aSULCADOR aSEMEADEIRA aADUBADEIRA aPLANTIO aADUBACAO a202312bLúcia Elandec55dLúcia Elande 2AGRISn0cMS c278405d278405 002AGRIS40708Acervo Gerala41918b41918cAGROBASEl0o4530 BR8500032p4530 BR8500032r2023-12-18yMSePortaria Interministerial nº 164/94